Statistics for The World but only 10 biggest countries.

Click here to take the quiz!

General Stats

  • This quiz has been taken 23 times
  • The average score is 5 of 10

Answer Stats

HintAnswer% Correct
9,879,750 km²Canada
88%
17,098,250 km²Russia
81%
3,287,260 km²India
56%
2,381,741 km²Algeria
50%
7,741,220 km²Australia
50%
8,515,770 km²Brazil
50%
9,600,013 km²China
44%
2,724,902 km²Kazakhstan
44%
9,525,067 km²United States of America
38%
2,780,400 km²Argentina
25%

Score Distribution

Percentile by Number Answered

Percent of People with Each Score

Your Score History

You have not taken this quiz